Normal view
MARC view
- Dress accessories
Entry Topical Term
001 - CONTROL NUMBER
- control field: 120592
003 - CONTROL NUMBER IDENTIFIER
- control field: NUST
005 - DATE AND TIME OF LATEST TRANSACTION
- control field: 20240215144530.0
008 - FIXED-LENGTH DATA ELEMENTS
- fixed length control field: 240215|| aca||aabn | a|a d
040 ## - CATALOGING SOURCE
- Original cataloging agency: NUST
- Transcribing agency: NUST
150 ## - HEADING--TOPICAL TERM
- Topical term or geographic name entry element: Dress accessories
- General subdivision: Design
670 ## - SOURCE DATA FOUND
- Source citation: Work cat.: (NUST): Schaffer, Jane. 120591, Fashion design course :, 2012.
